Statistics for Word Scramble - British Cities & Towns

Click here to take the quiz!

General Stats

  • This quiz has been taken 386 times
    (193 since last reset)
  • The average score is 15 of 21

Answer Stats

City% Correct
Glasgow
96%
London
96%
York
96%
Oxford
93%
Exeter
91%
Cardiff
89%
Bolton
87%
Leeds
87%
Swansea
86%
Birmingham
85%
Liverpool
84%
Derby
82%
Manchester
80%
Belfast
77%
Bristol
76%
Luton
76%
Plymouth
76%
Sheffield
75%
Dundee
74%
Portsmouth
74%
Bradford
71%
Wolverhampton
65%
Blackpool
64%
Northampton
62%
Norwich
62%
Slough
62%
Coventry
61%
Southampton
61%
Aberdeen
60%
Bournemouth
60%
Edinburgh
60%
Newcastle
58%
Stoke-on-Trent
58%
Leicester
57%
Nottingham
57%
Cambridge
56%
Carlisle
55%
Swindon
51%
Peterborough
49%
Sunderland
43%

Score Distribution

Percentile by Number Answered

Percent of People with Each Score

Your Score History

You have not taken this quiz since the last reset